00418nam a2200181Ia 4500003000400000005001700004008004100021020001800062040000600080041001200086082002000098100002700118245002700145250001600172260003100188300000800219440000900227OSt20240926103602.0240126s9999 xx 000 0 und d a9789350971413 c0 aEnglish a651.4 RAI;1 R aRai, Urmila. Rai, S M. 0aBusiness communication a9th rev ed. bHimalaya Pub HouseaMumbai a426 aNULL